The influence of animism on Islam : (Record no. 25268)
[ view plain ]
| 000 -LEADER | |
|---|---|
| fixed length control field | 00986nam a2200253 a 4500 |
| 001 - CONTROL NUMBER | |
| control field | 25268 |
| 003 - CONTROL NUMBER IDENTIFIER | |
| rucl marc code | BD-RjUL |
| 005 - DATE AND TIME OF LATEST TRANSACTION | |
| control field | 20211209050844.0 |
| 008 - FIXED-LENGTH DATA ELEMENTS--GENERAL INFORMATION | |
| fixed length control field | 181010s1920 nyuaf b 000 0 eng |
| 035 ## - SYSTEM CONTROL NUMBER | |
| System control number | (BD-RjUL)25337 |
| 040 ## - CATALOGING SOURCE | |
| Original cataloging agency | DLC |
| Transcribing agency | OAU |
| Modifying agency | OCoLC |
| -- | DLC |
| Language of cataloging | eng |
| 041 ## - LANGUAGE CODE | |
| Language code of text/sound track or separate title | eng |
| 082 ## - DEWEY DECIMAL CLASSIFICATION NUMBER | |
| Edition number | 23 |
| Classification number | 297 |
| Author mark and year | ZWI 1920 |
| 100 1# - MAIN ENTRY--PERSONAL NAME | |
| Personal name | Zwemer, Samuel Marinus, |
| Dates associated with a name | 1867-1952. |
| 9 (RLIN) | 223525 |
| 245 14 - TITLE STATEMENT | |
| Title | The influence of animism on Islam : |
| Remainder of title | an account of popular superstitions, |
| Statement of responsibility, etc. | by Samuel M. Zwemer |
| 260 ## - PUBLICATION, DISTRIBUTION, ETC. (IMPRINT) | |
| Place of publication, distribution, etc. | London: |
| Name of publisher, distributor, etc. | Central Board of Mission ; Society for Promoting Christan Knowledge, |
| Date of publication, distribution, etc. | 1920. |
| 300 ## - PHYSICAL DESCRIPTION | |
| Pagination | viii , [4], 246 p. |
| Illustrations | ill. ; |
| Size | 20 cm. |
| 500 ## - GENERAL NOTE | |
| General note | "This volume contains the A. C. Thompson lectures for 1918-1919 delivered on the Hartford Seminary Foundation and at Princeton Theological Seminary in a course of lectures on missions." |
| 504 ## - BIBLIOGRAPHY, ETC. NOTE | |
| Bibliography, etc | Bibliography: p. 245-246. |
| 650 #0 - SUBJECT ADDED ENTRY--TOPICAL TERM | |
| Topical term or geographic name as entry element | Animism. |
| 9 (RLIN) | 94570 |
| Topical term or geographic name as entry element | Islam. |
| 9 (RLIN) | 223526 |
| 942 ## - ADDED ENTRY ELEMENTS (KOHA) | |
| Source of classification or shelving scheme | Dewey Decimal Classification |
| Koha item type | Rare Books |
| Lost status | Source of classification or shelving scheme | Damaged status | Not for loan | Collection code | Permanent Location | Current Location | Shelving location | Date acquired | Total Checkouts | Full call number | Date last seen | Copy number | Koha item type |
|---|---|---|---|---|---|---|---|---|---|---|---|---|---|
| Dewey Decimal Classification | Not For Loan | Rare Books | Central Library, University of Rajshahi | Central Library, University of Rajshahi | Rare Book Section | 10/10/2018 | RA 297 ZWI 1920 | 10/10/2018 | C-1 | Rare Books |